Cities in British Columbia by picture - Statistics

General Stats
  • This quiz has been taken 14 times
  • The average score is 4 of 16
Answer Stats
Picture Answer % Correct
Vancouver
100%
Victoria
90%
Nanaimo
50%
White Rock
40%
Fernie
20%
Prince George
20%
Revelstoke
20%
Fort St. John
10%
Lillooet
10%
Sicamous
10%
Summerland
10%
Vernon
10%
Cranbrook
0%
Keremeos
0%
Sechelt
0%
Squamish
0%
No matching quizzes found
Score Distribution
Percent of People with Each Score
Percentile by Number Answered
Your Score History
You have not taken this quiz